2 million children : (Record no. 5222)

MARC details
000 -LEADER
fixed length control field 00998nam a22002777a 4500
003 - CONTROL NUMBER IDENTIFIER
control field OSt
005 - DATE AND TIME OF LATEST TRANSACTION
control field 20251028043058.0
008 - FIXED-LENGTH DATA ELEMENTS--GENERAL INFORMATION
fixed length control field 251028b |||||||| |||| 00| 0 eng d
020 ## - INTERNATIONAL STANDARD BOOK NUMBER
International Standard Book Number 978-1-4129-5308-5
040 ## - CATALOGING SOURCE
Original cataloging agency DWC-Main Lib.
Transcribing agency OC
082 ## - DEWEY DECIMAL CLASSIFICATION NUMBER
Classification number Circ. 372 T974 2009
100 ## - MAIN ENTRY--PERSONAL NAME
Personal name Slavin, Robert E.
245 ## - TITLE STATEMENT
Title 2 million children :
Remainder of title success for all/
Statement of responsibility, etc. Robert E. Slavin
260 ## - PUBLICATION, DISTRIBUTION, ETC.
Place of publication, distribution, etc. California, USA :
Name of publisher, distributor, etc. Corwin Press,
Date of publication, distribution, etc. c2009.
300 ## - PHYSICAL DESCRIPTION
Extent xii, 392 pages :
Other physical details b & w illustrations ;
Dimensions 28 cm.
504 ## - BIBLIOGRAPHY, ETC. NOTE
Bibliography, etc. note Index: pp. 384-392
650 ## - SUBJECT ADDED ENTRY--TOPICAL TERM
Topical term or geographic name entry element 1.Success for all (Program).
650 ## - SUBJECT ADDED ENTRY--TOPICAL TERM
Topical term or geographic name entry element 2. School improvement programs--United States.
650 ## - SUBJECT ADDED ENTRY--TOPICAL TERM
Topical term or geographic name entry element 3. Children with social disabilities--Education (Elementary)--United States.
650 ## - SUBJECT ADDED ENTRY--TOPICAL TERM
Topical term or geographic name entry element 4. Academic achievement--United States. I. Slavin, Robert E.
700 ## - ADDED ENTRY--PERSONAL NAME
Personal name Madden, Nancy A.
700 ## - ADDED ENTRY--PERSONAL NAME
Dates associated with a name Chambers, Bette
700 ## - ADDED ENTRY--PERSONAL NAME
Dates associated with a name Haxby, Barbara
760 ## - MAIN SERIES ENTRY
Edition Second edition
942 ## - ADDED ENTRY ELEMENTS (KOHA)
Source of classification or shelving scheme Dewey Decimal Classification
Koha item type Book Circulation
Edition Second edition
Classification part Circ.
Suppress in OPAC No
952 ## - LOCATION AND ITEM INFORMATION (KOHA)
--
Holdings
Withdrawn status Lost status Source of classification or shelving scheme Damaged status Not for loan Home library Current library Shelving location Date acquired Source of acquisition Total Checkouts Full call number Barcode Date last seen Copy number Price effective from Koha item type Uniform Resource Identifier
    Dewey Decimal Classification     College Library College Library Circulation 07/24/2014 School Fund   Circ. 372 T974 2009 CL50866 10/28/2025 c1 10/28/2025 BK-CIRC